000 01093cam a2200325 a 4500
001 16039135
005 20141001153807.0
008 100104s2010 njua 001 0 eng
010 _a 2009051054
015 _aGBB006688
_2bnb
016 7 _a015468083
_2Uk
020 _a9780470537299 (pbk.)
020 _a0470537299 (pbk.)
035 _a(OCoLC)ocn460062029
040 _aDLC
_cDLC
_dBTCTA
_dUKM
_dYDXCP
_dC#P
_dCDX
_dBWX
_dDLC
050 0 0 _aHG 4529
_b.C456 2010
082 0 0 _a332.63/2042
100 1 _aChen, James,
_d1971-
245 1 0 _aEssentials of technical analysis for financial markets /
_cJames Chen.
260 _aHoboken, N.J. :
_bWiley,
_cc2010.
300 _axvii, 283 pages :
_billustrations ;
_c23 cm.
490 1 _aEssentials series
500 _aIncludes index.
521 _aBusiness Administration
650 0 _aInvestment analysis.
830 0 _aEssentials series.
906 _a7
_bcbc
_corignew
_d1
_eecip
_f20
_gy-gencatlg
942 _2lcc
_cBK
_kFOR
999 _c275992
_d275992